00730nam a22002177a 4500003000500000005001700005008004100022010001000063011001000073035001000083040000900093100002900102245011400131260004000245300001900285502009900304650002200403650002500425650003800450650002400488CHAP20220329133950.0971013s1975 r 00010 d a13345 a14317 a18390 cCHAP00aCastaño Zapata, Jairo. aVariación patogénica en Pyricularia oryzae Cav.b: agente causal del añublo del arroz (Oryza sativa L.) aChapingo, Méx. :bEl autor,c1975 a63 h.b: ilus. aTesis (M.C. Esp. en Fitopatología) -- ENA. Colegio de Postgraduados. Rama de Fitopatología14aAnublo del arroz.14aArrozxEnfermedades.14aPlantasxEnfermedades por hongos.14aPyricularia oryzae.